000
00333nam a2200145Ia 4500
008
220928s9999 xx 000 0 und d
082
_b
SON
100
_a
SONI, USHA KIRAN
245
0
_a
BHOR KA UJAAS
260
_b
MADHYAMIK SHIKSHA VIBHAG, BIKANER
_c
2013
300
_a
96
650
_a
General
942
_c
BK
999
_c
207963
_d
207963
041
_a
HINDI